Optimizing Optoelectronic Properties of Perovskite Absorber Material via Ambient Compositional Engineering with Potassium (K) and Tin (Sn) / (Record no. 603252)

000 -LEADER
fixed length control field 00579nam a2200169Ia 4500
008 - FIXED-LENGTH DATA ELEMENTS--GENERAL INFORMATION
fixed length control field 230925s9999||||xx |||||||||||||| ||und||
082 ## - DEWEY DECIMAL CLASSIFICATION NUMBER
Classification number 620.1 NAW
100 ## - MAIN ENTRY--PERSONAL NAME
Personal name Nawaz, Muhammad Usman (317622)
9 (RLIN) 118285
245 #0 - TITLE STATEMENT
Title Optimizing Optoelectronic Properties of Perovskite Absorber Material via Ambient Compositional Engineering with Potassium (K) and Tin (Sn) /
260 ## - PUBLICATION, DISTRIBUTION, ETC.
Name of publisher, distributor, etc. USPCAS-E, NUST,Islamabad :
Date of publication, distribution, etc. 2022
300 ## - PHYSICAL DESCRIPTION
Extent xiii, 77 p.
520 ## - SUMMARY, ETC.
Summary, etc. TH-505
650 ## - SUBJECT ADDED ENTRY--TOPICAL TERM
Form subdivision MS Thesis
9 (RLIN) 18721
650 ## - SUBJECT ADDED ENTRY--TOPICAL TERM
Form subdivision MS-ESE Thesis
700 ## - ADDED ENTRY--PERSONAL NAME
Personal name Dr. Nadia Shahzad
9 (RLIN) 117122
942 ## - ADDED ENTRY ELEMENTS (KOHA)
Koha item type Thesis
Source of classification or shelving scheme
Holdings
Withdrawn status Lost status Source of classification or shelving scheme Damaged status Not for loan Permanent Location Current Location Date acquired Full call number Barcode Date last seen Price effective from Koha item type
          US-Pakistan Center for Advanced Studies in Energy (USPCAS-E) US-Pakistan Center for Advanced Studies in Energy (USPCAS-E) 08/21/2023 620.1 NAW CAS-ETH0000505 09/25/2023 09/25/2023 Thesis
© 2023 Central Library, National University of Sciences and Technology. All Rights Reserved.